Python For Data Science For Dummies (Record no. 41884)

MARC details
000 -LEADER
fixed length control field 00308nam a2200121Ia 4500
008 - FIXED-LENGTH DATA ELEMENTS--GENERAL INFORMATION
fixed length control field 241015s9999 xx 000 0 und d
041 ## - LANGUAGE CODE
Language code of text/sound track or separate title eng
082 ## - DEWEY DECIMAL CLASSIFICATION NUMBER
Classification number 005.133 MUE
100 ## - MAIN ENTRY--PERSONAL NAME
Personal name Mueller
245 ## - TITLE STATEMENT
Title Python For Data Science For Dummies
260 ## - PUBLICATION, DISTRIBUTION, ETC.
Name of publisher, distributor, etc. Wiley India
Place of publication, distribution, etc. New Delhi
Date of publication, distribution, etc. 2019
300 ## - PHYSICAL DESCRIPTION
Extent 467;. P. 23 cm

No items available.

Designed & Maintained by: LRC IMT Nagpur Contact: lrc@imtnag.ac.in© 2024. All Rights Reserved.